日本の自治体(人口順Top100) - Statistics

General Stats
  • This quiz has been taken 223 times
  • The average score is 56 of 100
Answer Stats
順位 自治体名 人口 % Correct
1 東京都 14,246,219
99%
2 神奈川県 9,193,657
95%
3 大阪府 8,764,578
94%
4 愛知県 7,449,403
91%
5 埼玉県 7,287,169
89%
6 千葉県 6,258,512
88%
8 福岡県 5,081,879
86%
9 北海道 4,985,419
86%
7 兵庫県 5,323,825
85%
10 横浜市 3,754,840
79%
11 静岡県 3,468,845
76%
13 茨城県 2,791,207
75%
14 広島県 2,683,399
73%
15 京都府 2,502,747
72%
16 名古屋市 2,345,892
72%
12 大阪市 2,808,624
71%
17 宮城県 2,227,240
71%
20 長野県 1,954,950
69%
18 新潟県 2,068,476
65%
19 札幌市 1,964,034
64%
22 群馬県 1,867,582
64%
23 栃木県 1,864,833
63%
21 岐阜県 1,891,489
62%
24 岡山県 1,808,664
62%
31 神戸市 1,497,630
62%
28 福岡市 1,663,892
61%
25 福島県 1,711,937
59%
26 三重県 1,694,896
59%
27 熊本県 1,678,090
59%
29 川崎市 1,561,132
59%
30 鹿児島県 1,512,969
59%
33 京都市 1,431,713
59%
35 さいたま市 1,345,016
58%
44 石川県 1,088,221
58%
40 広島市 1,172,423
57%
32 沖縄県 1,468,220
56%
36 奈良県 1,269,180
56%
55 堺市 803,333
56%
34 滋賀県 1,392,439
55%
38 愛媛県 1,260,088
55%
42 岩手県 1,125,502
55%
49 富山県 985,675
55%
52 北九州市 904,289
55%
37 山口県 1,264,006
54%
39 長崎県 1,232,190
54%
41 青森県 1,140,395
54%
43 仙台市 1,096,951
54%
45 大分県 1,076,875
54%
48 山形県 993,127
54%
50 世田谷区 956,608
54%
51 香川県 907,725
54%
53 秋田県 882,100
54%
58 浜松市 765,750
54%
59 練馬区 761,587
54%
69 静岡市 659,620
54%
46 宮崎県 1,018,904
53%
47 千葉市 994,970
53%
56 佐賀県 781,214
53%
57 山梨県 779,912
53%
62 熊本市 730,854
53%
65 岡山市 707,916
53%
71 高知県 643,437
53%
54 和歌山県 864,262
52%
63 福井県 729,386
52%
64 相模原市 712,105
52%
72 島根県 629,460
52%
60 新潟市 759,618
51%
67 足立区 702,718
51%
70 船橋市 650,635
51%
66 江戸川区 705,063
50%
61 大田区 759,409
49%
68 徳島県 675,489
49%
74 板橋区 595,000
48%
78 八王子市 574,087
46%
81 姫路市 518,311
46%
82 宇都宮市 511,733
46%
77 鹿児島市 580,970
44%
80 鳥取県 523,732
44%
83 松山市 497,041
44%
79 江東区 553,358
43%
86 西宮市 482,834
43%
89 葛飾区 467,614
43%
85 市川市 494,207
42%
87 東大阪市 482,618
42%
84 松戸市 496,714
41%
88 大分市 470,172
41%
92 金沢市 454,071
41%
93 藤沢市 443,894
41%
76 浜松市中央区 591,381
40%
95 柏市 435,373
40%
98 豊田市 412,230
40%
75 川口市 592,007
39%
90 倉敷市 462,135
39%
91 尼崎市 457,162
39%
94 福山市 439,994
39%
96 品川区 426,403
38%
99 高松市 407,208
38%
100 豊中市 404,479
38%
97 町田市 420,962
34%
73 杉並区 597,566
23%
No matching quizzes found
Score Distribution
Percent of People with Each Score
Percentile by Number Answered
Your Score History
You have not taken this quiz